| 000 | 00704nam a2200265Ia 4500 | ||
|---|---|---|---|
| 005 | 20260121170658.0 | ||
| 008 | 008 260114s9999 xx 000 0 eng d | ||
| 020 | _a9783319790428 | ||
| 037 | _aEBOOK | ||
| 040 | _aCRL | ||
| 040 | _beng | ||
| 040 | _cCRL | ||
| 041 | _2eng | ||
| 041 | _aeng | ||
| 084 | _qCRL | ||
| 100 |
_aJérôme Droniou, Robert Eymard, Thierry Gallouët, Cindy Guichard, Raphaèle Herbin _91066828 |
||
| 245 | 4 | _aThe Gradient Discretisation Method | |
| 260 | _bSpringer | ||
| 260 | _bSpringer | ||
| 260 | _c2018 | ||
| 856 | _uhttps://link.springer.com/openurl?genre=book&isbn=978-3-319-79042-8 | ||
| 942 | _cEBOOK | ||
| 999 |
_c1632558 _d1632558 |
||